Legacy of ashes (Registro nro. 311132)

Detalles MARC
000 -ENCABEZADO
Número de control [NR] 02920cam a2200289 a 4500
001 - NÚMERO DE CONTROL
control field 14718545
005 - FECHA Y HORA DE LA ÚLTIMA TRANSACCIÓN
control field 20181122143607.0
008 - DE LONGITUD FIJA DE DATOS DE ELEMENTOS - INFORMACIÓN GENERAL
Elementos de longitud fija [NR] 181122s2007 nyuaf b 001 0 eng d
010 ## - NUMERO DE CONTROL DE LA BIBLIOTECA DEL CONGRESO (LC) [NR]
Número de control LC [NR] 2007004077
020 ## - NUMERO INTERNACIONAL NORMALIZADO PARA LIBROS [R]
Número Internacional Normalizado del libro [NR] 9780385514453
020 ## - NUMERO INTERNACIONAL NORMALIZADO PARA LIBROS [R]
ISBN Cancelado/ Invalidado [R] 038551445X
035 ## - NUMERO DE CONTROL DEL SISTEMA [R]
Número de control del sistema [NR] (OCoLC)ocm82367780
040 ## - FUENTE DE CATALOGACION [NR]
Agencia de catalogación original [NR] Co-BoUCM
Quien Cataloga Saul Niño
Quien Clasifica Saul Niño
041 0# - CODIGO DE IDIOMA [R]
Código de idioma para texto/pista de sonido o título separado [R] Inglés
100 1# - ASIENTO PRINCIPAL--NOMBRE PERSONAL [NR]
Nombre personal [NR] Weiner, Tim
ID Autoridad 94620
245 10 - MENCION DE TITULO [NR]
Título [NR] Legacy of ashes
Parte restante del título [NR] the history of the CIA
Mención de responsabilidad, etc. [NR] Tim Weiner
260 ## - PUBLICACION, DISTRIBUCION, ETC. (PIE DE IMPRENTA) [R]
Lugar de publicación, distribución, etc. [R] New York
Nombre del editor, distribuidor, etc. [R] Doubleday
Fecha de publicación, distribución, etc. [R] 2007
300 ## - DESCRIPCION FISICA [R]
Extensión [R] 702 páginas., [8] páginas de láminas
Otros detalles físicos [NR] fotografías
505 0# - NOTA DE CONTENIDO CON FORMATO PREESTABLECIDO [R]
Nota de contenido con formato preestablecido [NR] "In the beginning, we knew nothing" : the CIA under Truman, 1945-1953 -- "A strange kind of genius" : the CIA under Eisenhower, 1953 to 1961 -- Lost causes : the CIA under Kennedy and Johnson, 1961 to 1968 -- "Get rid of the clowns" : the CIA under Nixon and Ford, 1968 to 1977 -- Victory without joy : the CIA under Carter, Reagan, and George H.W. Bush, 1977 to 1993 -- The reckoning : the CIA under Clinton and George W. Bush, 1993 to 2007.
505 0# - NOTA DE CONTENIDO CON FORMATO PREESTABLECIDO [R]
Nota de contenido con formato preestablecido [NR] Intelligence must be global and totalitarian -- The logic of force -- Fight fire with fire -- The most secret thing -- A rich blind man -- They were suicide missions -- A vast field of illusion -- We have no plan -- CIA's greatest single triumph -- Bomb repeat bomb -- And then we'll have a storm -- We ran it in a different way -- Wishful blindness -- Ham-handed operations of all kinds -- A very strange war -- He was lying down and he was lying up -- Nobody knew what to do -- We had also fooled ourselves -- We'd be delighted to trade those missiles -- Hey, boss, we did a good job, didn't we? -- I thought it was a conspiracy -- An ominous drift -- More courage than wisdom -- The beginning of a long slide downwards -- We knew then that we could not win the war -- A political H-bomb -- Track down the foreign communists -- What the hell do those clowns do out there in Langley? -- USG wants a military solution -- We are going to catch a lot of hell -- To change the concept of a secret service -- A classic fascist ideal -- The CIA would be destroyed -- Saigon signing off -- Ineffective and scared -- He sought to overthrow their system -- We were just plain asleep -- A free-lance buccaneer -- In a dangerous way -- He was running a great risk -- A con man's con man -- To think the unthinkable -- What are we going to do when the wall comes down? -- We had no facts -- Why in the world didn't we know? -- We're in trouble -- The threat could not be more real -- The dark side -- A grave mistake -- The burial ceremony.
546 ## - NOTA DE IDIOMA [R]
Nota de idioma [NR] Texto en inglés
610 10 - ASIENTO SECUNDARIO DE MATERIA - NOMBRE CORPORATIVO [R]
Nombre corporativo o nombre de la jurisdicción como elemento de entrada [NR] Estados Unidos
Unidad subordinada [R] Agencia Central de Inteligencia
Subdivisión general [R] Historia
9 (RLIN) 94621
650 #7 - ASIENTO SECUNDARIO DE MATERIA - TERMINO TEMATICO [R]
Término temático o nombre geográfico como elemento de entrada [NR] Servicio de inteligencia
Subdivisión geográfica [R] Estados Unidos
Subdivisión general [R] Historia
9 (RLIN) 24266
650 #7 - ASIENTO SECUNDARIO DE MATERIA - TERMINO TEMATICO [R]
Término temático o nombre geográfico como elemento de entrada [NR] Funcionarios públicos
Subdivisión general [R] Estados Unidos
9 (RLIN) 7643
942 ## - ELEMENTOS DE ENTRADA AGREGADOS (KOHA)
Sistema de clasificación DEWEY
Tema principal Ciencia política
Tipo de ítem principal el descrito en 300a Libro
Edición 1
Clasificación 327.12
Parte restante de la signatura top. W423l
Existencias
Signatura topográfica Código de barras Última vez visto Ejemplar Costo de reposición Price effective from Tipo de ítem Perdido Sistema de clasificación Dañado No prestable Tipo de ítem específico Suprimido Ubicación habitual Ubicación actual Localización Fecha de creación Proveedor Forma de adquisición Costo
327.12 W423l 100158429 12/06/2026 Ej.1 26000.00 08/11/2018 Libro   DEWEY     Libro   Claustro Claustro 3er piso 08/11/2018 12 Donación 0.00